000 00608nam a2200253 a 4500
001 nice12345678
003 IN_TiNIC
005 20260116013020.0
008 050524s1966 lona grp 000 0 eng
020 _a
_c45
082 0 0 _a953.8
_bGAU
100 _aGaury, Gerald De
245 _aFaisal
_b King of Saudi Arabia
260 _aLondon
_bArthur Barker Ltd
_c1966
300 _a191p
500 _aincludes index and biblioraphy
505 2 _aIndex
650 _aFaisal-King
650 _aSaudi Arabia-History
700 1 _aGaury, Gerald De
902 _bSRS
942 _cBK
999 _c9283
_d9283